Statistics for Snack Foods by Picture

Click here to take the quiz!

General Stats

  • This quiz has been taken 310 times
  • The average score is 14 of 16

Answer Stats

Answer% Correct
Popcorn
99%
Chocolate
98%
Chips
96%
Cookies
93%
Gummy Bears
93%
Peanuts
93%
Candy
90%
Oreos
90%
Crackers
88%
Nachos
86%
Poptart
85%
Pretzels
83%
French Fries
81%
Mozzarella Sticks
69%
Twinkies
69%
Licorice
62%

Score Distribution

Percentile by Number Answered

Percent of People with Each Score

Your Score History

You have not taken this quiz